000 01239aam a2200289 i 4500
001 768714001
003 CO-MdFUSBC
005 20250425114542.0
007 ta
008 250425t1917 ag |||| |||| 00| 0 spa d
040 _cCO-MdFUSB
041 0 _aspa
082 0 4 _223
_a239
_bD767o
100 1 _aDrawbridge, C. L. (Cyprian Leycester) (1868–1937)
_eautor
245 1 0 _aObjeciones comunes al cristianismo
_c/ C. L. Drawbridge
264 1 _bLa Reforma,
_aBuenos Aires, Argentina :
_c[1917]
264 4 _c©1917
300 _a295 páginas
_c; 23 cm
336 _atexto
_btxt
_2rdacontent
337 _2rdamedia
_asin mediación
_bn
338 _2rdacarrier
_avolumen
_bnc
505 _aIntroducción. -- El racionalismo. -- Los ideales de los Anti-teístas: ideal de la verdad, Ideal de libertad. -- Temores innecesarios. -- El dolor y el sufrimiento. -- El mal moral. -- Los ideales del eticismo. -- Las ciencias naturales y la religión. -- Evolución y creación. -- El materialismo. -- El determinismo, y el determinismo por sí mismo. -- El secularismo. -- El ateísmo. -- El agnosticismo. -- Antropomorfismo. -- La inmortalidad.
563 _aPasta dura
650 7 _aApologética
_9187
942 _cBK
945 _aJTF-925
999 _c35221
_d35221